000 00499cam a2200169 a 4500
001 000003780
005 20200929150551.0
008 741120s1948 nyu 000 1 eng
040 _aDO-SdBNP
_bspa
_cBNPHU
082 _a813.4
_bP647g
100 1 _aPinckney, Josephine,
_d1895-1957.
_911500
245 1 0 _aGreat mischief /
_cJosephine Pinckney.
260 _aNew York :
_bViking,
_c1948.
300 _a247 p. ;
_c21 cm.
650 4 _aNovela estadounidense
_9262
650 4 _aLiteratura estadounidense
_9263
999 _c3602
_d3602